000
00344 a2200157 4500
001
156849
020
_a
9788520916766
040
_c
Escola São Tomás de Aquino
100
_a
MACHADO, Angelo
240
1
0
_a
Garganta
_l
por
245
1
0
_a
Garganta
300
_a
32 p.
362
0
_a
2011
697
_a
*LITERATURA INFANTO JUVENIL
942
_c
BK
999
_c
156849
_d
156849